[Event "IND-ch 59th"]
[Site "New Delhi"]
[Date "2022.12.27"]
[Round "6"]
[White "Aaditya, Dhingra"]
[Black "Agarwal, Brajesh"]
[Result "1/2-1/2"]
[WhiteElo "2172"]
[BlackElo "1780"]
[PlyCount "72"]
[EventDate "2022.12.22"]
[EventType "swiss"]
[EventRounds "13"]
[EventCountry "IND"]
[SourceTitle "CBM 211 Extra"]
[Source "ChessBase"]
[SourceDate "2023.01.31"]
[SourceVersion "1"]
[SourceVersionDate "2023.01.31"]
[SourceQuality "1"]

1. e4 d6 2. d4 Nf6 3. Nc3 g6 4. f4 Bg7 5. Nf3 0-0 6. Bd3 Na6 7. 0-0 c5 8. d5 e6 9. dxe6 fxe6 10. Bc4 Nc7 11. e5 Nfe8 12. Be3 b6 13. exd6 Nxd6 14. Bd3 Bb7 15. Qe2 Nd5 16. Nxd5 exd5 17. c3 Re8 18. Ne5 Bxe5 19. fxe5 Rxe5 20. Qf2 Qe7 21. Bh6 Ne4 22. Bxe4 dxe4 23. Qe3 Ba6 24. Rf2 Bd3 25. Re1 c4 26. Qg3 Rh5 27. Be3 Rf8 28. Rxf8+ Qxf8 29. h3 Rf5 30. Bd4 Qd8 31. Kh1 Kf7 32. b3 cxb3 33. axb3 g5 34. Ra1 a6 35. Kg1 Kg6 36. Qe3 Qf8 1/2-1/2

[Event "Sonipat Prakash Singh Memorial 1st"]
[Site "Sonipat"]
[Date "2017.04.20"]
[Round "6"]
[White "Rakesh, Kumar Jena"]
[Black "Agarwal, Brajesh"]
[Result "1-0"]
[WhiteElo "2340"]
[BlackElo "1993"]
[PlyCount "83"]
[EventDate "2017.04.17"]
[EventType "swiss"]
[EventRounds "10"]
[EventCountry "IND"]
[SourceTitle "CBM 177 Extra"]
[Source "ChessBase"]
[SourceDate "2017.04.27"]
[SourceVersion "1"]
[SourceVersionDate "2017.04.27"]
[SourceQuality "1"]

1. Nf3 Nf6 2. g3 g6 3. Bg2 Bg7 4. 0-0 0-0 5. d4 d6 6. Nc3 Nbd7 7. e4 e5 8. Re1 Re8 9. h3 h6 10. Be3 Kh7 11. Qd2 a6 12. Rad1 Qe7 13. dxe5 Nxe5 14. Nxe5 dxe5 15. Nd5 Nxd5 16. exd5 f5 17. c4 e4 18. Bd4 Bd7 19. Bxg7 Qxg7 20. b3 Re5 21. Qb4 b6 22. a4 a5 23. Qc3 Rae8 24. c5 Qf7 25. cxb6 cxb6 26. Qd4 b5 27. f4 R5e7 28. d6 Re6 29. axb5 Bxb5 30. Qd5 Qd7 31. g4 Bd3 32. gxf5 Rxd6 33. fxg6+ Kxg6 34. Qxa5 Qf5 35. Qc7 Rde6 36. Re3 R6e7 37. Qd6+ Re6 38. Qd4 Kh7 39. Rg3 Rf6 40. Ra1 Rf7 41. Ra7 Rg8 42. Rxf7+ 1-0

[Event "IND-ch Challengers 50th"]
[Site "Tirupati"]
[Date "2012.05.19"]
[Round "2.23"]
[White "Ram, S Krishnan"]
[Black "Agarwal, Brajesh"]
[Result "1-0"]
[WhiteElo "2303"]
[BlackElo "2081"]
[PlyCount "77"]
[EventDate "2012.05.18"]
[EventType "swiss"]
[EventRounds "13"]
[EventCountry "IND"]
[SourceTitle "CBM 148 Extra"]
[Source "ChessBase"]
[SourceDate "2012.06.22"]
[SourceVersion "1"]
[SourceVersionDate "2012.06.22"]
[SourceQuality "1"]

1. Nf3 Nf6 2. g3 g6 3. b3 Bg7 4. Bb2 d6 5. d4 0-0 6. Bg2 Nbd7 7. 0-0 e5 8. dxe5 Ng4 9. c4 Ngxe5 10. Nc3 Nxf3+ 11. Bxf3 Ne5 12. Bg2 Be6 13. Qd2 Qc8 14. Rac1 Re8 15. Nd5 Bxd5 16. cxd5 Re7 17. f4 Ng4 18. Bxg7 Kxg7 19. e4 f6 20. h3 Nh6 21. Qd4 Ng8 22. g4 Qd7 23. g5 Rae8 24. Qxa7 b6 25. Rc6 fxg5 26. fxg5 h6 27. Rfc1 Rc8 28. Kh2 hxg5 29. Rxb6 Nf6 30. Rbc6 g4 31. e5 g3+ 32. Kg1 dxe5 33. d6 Rf7 34. Rxc7 Rxc7 35. Rxc7 Qe6 36. Rxf7+ Qxf7 37. Qxf7+ Kxf7 38. Bc6 Ke6 39. d7 1-0

[Event "Goodricke op 03rd"]
[Site "Kolkata"]
[Date "1992.??.??"]
[Round "10"]
[White "Agarwal, Brajesh"]
[Black "Mithrakanth, Poorna Sharma"]
[Result "1/2-1/2"]
[WhiteElo "2260"]
[BlackElo "2335"]
[PlyCount "62"]
[EventDate "1992.01.??"]
[EventType "swiss"]
[EventRounds "11"]
[EventCountry "IND"]
[SourceTitle "CBM 027 Extra"]
[Source "ChessBase"]
[SourceDate "1992.05.01"]
[SourceVersion "1"]
[SourceVersionDate "1992.05.01"]
[SourceQuality "1"]

1. d4 Nf6 2. c4 e6 3. Nf3 Bb4+ 4. Bd2 Qe7 5. Nc3 Bxc3 6. bxc3 0-0 7. Qc2 d6 8. Bg5 h6 9. Bh4 e5 10. e3 Nbd7 11. Nd2 Re8 12. Bd3 g5 13. Bg3 Nh5 14. 0-0-0 Ndf6 15. Ne4 Kg7 16. Nxf6 Qxf6 17. Rhf1 exd4 18. cxd4 Bg4 19. Rde1 c5 20. d5 Nxg3 21. hxg3 b5 22. f4 bxc4 23. Qxc4 Rab8 24. Bc2 Rb4 25. Qd3 Qb2+ 26. Kd2 f5 27. Rb1 Qf6 28. Rxb4 cxb4 29. Rb1 a5 30. Rb3 gxf4 31. gxf4 Qh4 1/2-1/2

[Event "Goodricke op 03rd"]
[Site "Kolkata"]
[Date "1992.??.??"]
[Round "9"]
[White "Konguvel, Ponnuswamy"]
[Black "Agarwal, Brajesh"]
[Result "0-1"]
[WhiteElo "2385"]
[BlackElo "2260"]
[PlyCount "84"]
[EventDate "1992.01.??"]
[EventType "swiss"]
[EventRounds "11"]
[EventCountry "IND"]
[SourceTitle "CBM 027 Extra"]
[Source "ChessBase"]
[SourceDate "1992.05.01"]
[SourceVersion "1"]
[SourceVersionDate "1992.05.01"]
[SourceQuality "1"]

1. e4 e6 2. d4 d5 3. Nd2 Nf6 4. e5 Nfd7 5. f4 c5 6. c3 Nc6 7. Ndf3 Qb6 8. g3 cxd4 9. cxd4 Bb4+ 10. Kf2 0-0 11. Bh3 Kh8 12. Kg2 f6 13. Rb1 fxe5 14. fxe5 Ndxe5 15. dxe5 Nxe5 16. Qe2 Ng6 17. Be3 Bc5 18. Bxc5 Qxc5 19. b4 Qb6 20. Rb2 Bd7 21. Bg4 Bb5 22. Qxe6 Qd4 23. Rf2 Qc4 24. h3 Rae8 25. Qd6 b6 26. Bd7 Bxd7 27. Qxd7 Ne5 28. Qa4 Nd3 29. Rd2 Ne1+ 30. Nxe1 Qf1+ 31. Kh2 Rxe1 32. Qc2 d4 33. Rg2 d3 34. Qd2 Rd1 35. Qb2 Rc1 36. h4 Rc2 37. Rxc2 dxc2 38. Nf3 Qf2+ 39. Kh3 Rxf3 40. Qe5 h6 41. Rc1 Re3 42. Rxc2 Qf1+ 0-1

[Event "Goodricke op 03rd"]
[Site "Kolkata"]
[Date "1992.??.??"]
[Round "11"]
[White "Mishra, Neeraj Kumar"]
[Black "Agarwal, Brajesh"]
[Result "1-0"]
[WhiteElo "2375"]
[BlackElo "2260"]
[PlyCount "64"]
[EventDate "1992.01.??"]
[EventType "swiss"]
[EventRounds "11"]
[EventCountry "IND"]
[SourceTitle "CBM 027 Extra"]
[Source "ChessBase"]
[SourceDate "1992.05.01"]
[SourceVersion "1"]
[SourceVersionDate "1992.05.01"]
[SourceQuality "1"]

1. d4 Nf6 2. c4 g6 3. Nc3 Bg7 4. e4 d6 5. Be2 0-0 6. Nf3 Nc6 7. 0-0 e5 8. d5 Ne7 9. Ne1 Ne8 10. Be3 f5 11. f3 f4 12. Bf2 g5 13. b4 h5 14. c5 Ng6 15. a4 Rf7 16. cxd6 cxd6 17. a5 Bf8 18. Nb5 Nf6 19. Nxa7 g4 20. Bb6 Qe8 21. Nxc8 Rxc8 22. Rc1 Rg7 23. Rxc8 Qxc8 24. Qc2 Qd7 25. b5 Nh4 26. Kh1 Qe8 27. a6 Nd7 28. Bf2 g3 29. Bg1 Nc5 30. h3 b6 31. Nd3 Qc8 32. Bxc5 bxc5 1-0